000 00881nam a2200253Ia 4500
003 OSt
005 20221006154827.0
006 a|||||r|||| 00| 0
007 ta
008 221006b |||||||| |||| 00| 0 eng d
020 _a9780748635986
_c£70.00
024 _a39,390
037 _bDU/014/1544, 31/05/2011, Index International
_cTextual
040 _aEASL
_cEASL
_beng
041 _2eng
_aeng
082 _aP0aY:6.5, Q0
100 _aStevenson Patrick Au.
_9667684
245 0 _aLanguage and social change in central Europe
_bDiscourses on policy, identity and the german language
260 _aEdinburgh
_bEdinburgh University Press
_c2010
300 _aviii,222p
_ccm.
700 _a Carl Jenny
_9667685
942 _hP0aY:6.5, Q0
_cTEXL
_2CC
999 _c1107476
_d1107476